<?xml version="1.0" encoding="UTF-8"?>
<record
    xmlns:xsi="http://www.w3.org/2001/XMLSchema-instance"
    xsi:schemaLocation="http://www.loc.gov/MARC21/slim http://www.loc.gov/standards/marcxml/schema/MARC21slim.xsd"
    xmlns="http://www.loc.gov/MARC21/slim">

  <leader>00843nam a22001337a 4500</leader>
  <datafield tag="040" ind1=" " ind2=" ">
    <subfield code="c">RUA </subfield>
  </datafield>
  <datafield tag="082" ind1=" " ind2=" ">
    <subfield code="a">AED KEO 2012 B251 Or.1</subfield>
  </datafield>
  <datafield tag="100" ind1=" " ind2=" ">
    <subfield code="a">KEO SODARON ;&#x1780;&#x17C2;&#x179C; &#x179F;&#x17BB;&#x178A;&#x17B6;&#x179A;&#x17C9;&#x1793;&#x17CB;</subfield>
  </datafield>
  <datafield tag="245" ind1=" " ind2=" ">
    <subfield code="a">Study on the process and surveying methods of establishing topographic map in sraekhum ommune, kaevseima district, mondolkiri province, &#x1780;&#x17B6;&#x179A;&#x179F;&#x17B7;&#x1780;&#x17D2;&#x179F;&#x17B6;&#x17A2;&#x17C6;&#x1796;&#x17B8;&#x178A;&#x17C6;&#x178E;&#x17BE;&#x179A;&#x1780;&#x17B6;&#x179A; &#x1793;&#x17B7;&#x1784;&#x179C;&#x17B7;&#x1792;&#x17B8;&#x179F;&#x17B6;&#x179F;&#x17D2;&#x179A;&#x17D2;&#x178F;&#x1793;&#x17C3;&#x1780;&#x17B6;&#x179A;&#x179C;&#x17B6;&#x179F;&#x17CB;&#x179C;&#x17C2;&#x1784; &#x1780;&#x179F;&#x17B6;&#x1784;&#x1794;&#x17D2;&#x179B;&#x1784;&#x17CB;&#x178B;&#x17B6;&#x1793;&#x179B;&#x17C1;&#x1781;&#x17B6; &#x1793;&#x17C5;&#x1783;&#x17BB;&#x17C6;&#x179F;&#x17D2;&#x179A;&#x17C2;&#x1781;&#x17D2;&#x1791;&#x17BB;&#x1798; &#x179F;&#x17D2;&#x179A;&#x17BB;&#x1780;&#x1780;&#x17C2;&#x179C;&#x179F;&#x17B8;&#x1798;&#x17B6; &#x1781;&#x17C1;&#x178F;&#x17D2;&#x178F;&#x1798;&#x178E;&#x17D2;&#x178C;&#x179B;&#x1782;&#x17B8;&#x179A;&#x17B8;.</subfield>
  </datafield>
  <datafield tag="260" ind1=" " ind2=" ">
    <subfield code="a">Phnom Penh </subfield>
    <subfield code="b">RUA </subfield>
    <subfield code="c">2012</subfield>
  </datafield>
  <datafield tag="300" ind1=" " ind2=" ">
    <subfield code="a">xi ; 58p.</subfield>
    <subfield code="b">ill.</subfield>
    <subfield code="c">29cm.</subfield>
  </datafield>
  <datafield tag="856" ind1=" " ind2=" ">
    <subfield code="u">https://drive.google.com/file/d/1-Y7PzhK-tXpdn5CugSiOKzqvGvgaSgyi/view?usp=sharing</subfield>
  </datafield>
  <datafield tag="942" ind1=" " ind2=" ">
    <subfield code="c">AED</subfield>
  </datafield>
  <datafield tag="999" ind1=" " ind2=" ">
    <subfield code="c">4920</subfield>
    <subfield code="d">4920</subfield>
  </datafield>
  <datafield tag="952" ind1=" " ind2=" ">
    <subfield code="0">0</subfield>
    <subfield code="1">0</subfield>
    <subfield code="2">ddc</subfield>
    <subfield code="4">0</subfield>
    <subfield code="6">AED_KEO_2012_000000000000000_B251_OR_1</subfield>
    <subfield code="7">0</subfield>
    <subfield code="9">25736</subfield>
    <subfield code="a">LBB</subfield>
    <subfield code="b">LBB</subfield>
    <subfield code="c">B251</subfield>
    <subfield code="d">2015-12-21</subfield>
    <subfield code="o">AED KEO 2012 B251 Or.1</subfield>
    <subfield code="p">RUA010111</subfield>
    <subfield code="r">2015-12-21</subfield>
    <subfield code="w">2015-12-21</subfield>
    <subfield code="y">AED</subfield>
  </datafield>
  <datafield tag="952" ind1=" " ind2=" ">
    <subfield code="0">0</subfield>
    <subfield code="1">0</subfield>
    <subfield code="2">ddc</subfield>
    <subfield code="4">0</subfield>
    <subfield code="6">AED_KEO_2012_000000000000000_B251_OR_2</subfield>
    <subfield code="7">0</subfield>
    <subfield code="9">25737</subfield>
    <subfield code="a">LBB</subfield>
    <subfield code="b">LBB</subfield>
    <subfield code="c">B251</subfield>
    <subfield code="d">2015-12-21</subfield>
    <subfield code="l">1</subfield>
    <subfield code="o">AED KEO 2012 B251 Or.2</subfield>
    <subfield code="p">RUA010039</subfield>
    <subfield code="r">2023-02-27</subfield>
    <subfield code="s">2023-02-07</subfield>
    <subfield code="w">2015-12-21</subfield>
    <subfield code="y">AED</subfield>
  </datafield>
  <datafield tag="952" ind1=" " ind2=" ">
    <subfield code="0">0</subfield>
    <subfield code="1">0</subfield>
    <subfield code="2">ddc</subfield>
    <subfield code="4">0</subfield>
    <subfield code="6">AED_KEO_2012_000000000000000_B251_OR_3</subfield>
    <subfield code="7">0</subfield>
    <subfield code="9">25738</subfield>
    <subfield code="a">LBB</subfield>
    <subfield code="b">LBB</subfield>
    <subfield code="c">B251</subfield>
    <subfield code="d">2015-12-21</subfield>
    <subfield code="l">3</subfield>
    <subfield code="o">AED KEO 2012 B251 Or.3</subfield>
    <subfield code="p">RUA010537</subfield>
    <subfield code="r">2023-05-26</subfield>
    <subfield code="s">2023-02-07</subfield>
    <subfield code="w">2015-12-21</subfield>
    <subfield code="y">AED</subfield>
  </datafield>
  <datafield tag="952" ind1=" " ind2=" ">
    <subfield code="0">0</subfield>
    <subfield code="1">0</subfield>
    <subfield code="2">ddc</subfield>
    <subfield code="4">0</subfield>
    <subfield code="6">AED_KEO_2012_000000000000000_B251_OR_4</subfield>
    <subfield code="7">0</subfield>
    <subfield code="9">25739</subfield>
    <subfield code="a">LBB</subfield>
    <subfield code="b">LBB</subfield>
    <subfield code="c">B251</subfield>
    <subfield code="d">2015-12-21</subfield>
    <subfield code="o">AED KEO 2012 B251 Or.4</subfield>
    <subfield code="p">RUA010319</subfield>
    <subfield code="r">2015-12-21</subfield>
    <subfield code="w">2015-12-21</subfield>
    <subfield code="y">AED</subfield>
  </datafield>
  <datafield tag="952" ind1=" " ind2=" ">
    <subfield code="0">0</subfield>
    <subfield code="1">0</subfield>
    <subfield code="2">ddc</subfield>
    <subfield code="4">0</subfield>
    <subfield code="6">AED_KEO_2012_000000000000000_B251_OR_5</subfield>
    <subfield code="7">0</subfield>
    <subfield code="9">25740</subfield>
    <subfield code="a">LBB</subfield>
    <subfield code="b">LBB</subfield>
    <subfield code="c">B251</subfield>
    <subfield code="d">2015-12-21</subfield>
    <subfield code="l">2</subfield>
    <subfield code="o">AED KEO 2012 B251 Or.5</subfield>
    <subfield code="p">RUA010320</subfield>
    <subfield code="r">2016-11-07</subfield>
    <subfield code="s">2016-10-28</subfield>
    <subfield code="w">2015-12-21</subfield>
    <subfield code="y">AED</subfield>
  </datafield>
  <datafield tag="952" ind1=" " ind2=" ">
    <subfield code="0">0</subfield>
    <subfield code="1">0</subfield>
    <subfield code="2">ddc</subfield>
    <subfield code="4">0</subfield>
    <subfield code="6">AED_KEO_2012_000000000000000_B251_OR_6</subfield>
    <subfield code="7">0</subfield>
    <subfield code="9">31191</subfield>
    <subfield code="a">LBB</subfield>
    <subfield code="b">LBB</subfield>
    <subfield code="c">B251</subfield>
    <subfield code="d">2016-01-06</subfield>
    <subfield code="o">AED KEO 2012 B251 Or.6</subfield>
    <subfield code="p">RUA010252</subfield>
    <subfield code="r">2016-01-06</subfield>
    <subfield code="w">2016-01-06</subfield>
    <subfield code="y">AED</subfield>
  </datafield>
  <datafield tag="952" ind1=" " ind2=" ">
    <subfield code="0">0</subfield>
    <subfield code="1">0</subfield>
    <subfield code="2">ddc</subfield>
    <subfield code="4">0</subfield>
    <subfield code="6">AED_KEO_2012_000000000000000_B251_OR_7</subfield>
    <subfield code="7">0</subfield>
    <subfield code="9">31192</subfield>
    <subfield code="a">LBB</subfield>
    <subfield code="b">LBB</subfield>
    <subfield code="c">B251</subfield>
    <subfield code="d">2016-01-06</subfield>
    <subfield code="o">AED KEO 2012 B251 Or.7</subfield>
    <subfield code="p">RUA010179</subfield>
    <subfield code="r">2016-01-06</subfield>
    <subfield code="w">2016-01-06</subfield>
    <subfield code="y">AED</subfield>
  </datafield>
</record>
